000 00515nam a2200169Ia 4500
008 220216s9999 xx 000 0 und d
100 _aCornish K
245 0 _aStabilisation of particle integrity and particle bound cis-prenyl transferase activity in stored, purified rubber particles
260 _bPhytochemical Analysis
_c1977
300 _a130-134
500 _aSource Year: 1998
650 _aParthenium argentatum
650 _aRubber particle
700 _aBartlett D L
856 _uCPA
942 _cJS
999 _c69197
_d69197